书目信息 |
| 题名: |
无脊椎动物
|
|
| 作者: | 陈清潮 , 石长泰 编著 ;中国科学院中国动物志编辑委员会 主编 | |
| 分册: | 节肢动物门,甲壳动物亚门,端足目 [song] 亚目 | |
| 出版信息: | 北京 科学出版社 2002.02 |
|
| 页数: | 249页, [1] 页图版 | |
| 开本: | 26cm | |
| 丛书名: | 中国动物志 | |
| 单 册: | ||
| 中图分类: | Q959.1 , Q958.2 | |
| 科图分类: | ||
| 主题词: | 无脊椎动物--动物志--中国 | |
| 电子资源: | ||
| ISBN: | 7-03-009182-5 | |
| 000 | 01351nam 2200301 450 | |
| 001 | 0152806375 | |
| 005 | 20050520102103.15 | |
| 010 | @a7-03-009182-5@b精装@dCNY 56.00 | |
| 100 | @a20050319d2002 km y0chiy0120 ea | |
| 101 | 0 | @achi |
| 102 | @aCN@b110000 | |
| 105 | @aac a 001yy | |
| 200 | 1 | @a无脊椎动物@Awu ji zhui dong wu@f陈清潮, 石长泰编著@Fchen qing chao,shi chang tai bian zhu@i节肢动物门,甲壳动物亚门,端足目 [song] 亚目@g中国科学院中国动物志编辑委员会主编@Gzhong guo ke xue yuan zhong guo dong wu zhi bian ji wei yuan hui zhu bian |
| 210 | @a北京@c科学出版社@d2002.02 | |
| 215 | @a249页, [1] 页图版@c图, 肖像@d26cm | |
| 225 | 2 | @a中国动物志@v第二十八卷 |
| 320 | @a有书目 (第195-205页) 和索引。 | |
| 330 | @a端足目song[虫戎]亚目是节肢动物门中经济价值较大的甲壳动物。本书介绍我国海区的14科、41属、120种,附有178张插图。 | |
| 410 | 0 | @12001 @a中国动物志 |
| 517 | 1 | @a节肢动物门,甲壳动物亚门,端足目 [song] 亚目@Ajie zhi dong wu men,jia ke dong wu ya men,duan zu mu[song]ya mu |
| 606 | 0 | @a无脊椎动物@x动物志@y中国 |
| 690 | @aQ959.1@v4 | |
| 690 | @aQ958.2@v4 | |
| 701 | 0 | @a陈清潮@Achen qing chao@4编著 |
| 701 | 0 | @a石长泰@Ashi chang tai@4编著 |
| 712 | 02 | @a中国科学院中国动物志编辑委员会@Azhong guo ke xue yuan zhong guo dong wu zhi bian ji wei yuan hui@4主编 |
| 801 | 0 | @aCN@bQSSK@c20050520 |
| 905 | @a10447@dQ958.2@eC530 | |
| 无脊椎动物/陈清潮, 石长泰编著.节肢动物门,甲壳动物亚门,端足目 [song] 亚目/中国科学院中国动物志编辑委员会主编.-北京:科学出版社,2002.02 |
| 249页, [1] 页图版:图, 肖像;26cm.-(中国动物志;第二十八卷) |
| ISBN 7-03-009182-5(精装):CNY 56.00 |
| 端足目song[虫戎]亚目是节肢动物门中经济价值较大的甲壳动物。本书介绍我国海区的14科、41属、120种,附有178张插图。 |
| ● |
| 相关链接 |
|
|
|
正题名:无脊椎动物
索取号:Q958.2/C530
 
预约/预借
| 序号 | 登录号 | 条形码 | 馆藏地/架位号 | 状态 | 备注 |
| 1 | 498190 | 204981902 | 自科库401/401自科库 37排1列5层/ [索取号:Q958.2/C530] | 在馆 |